000 00291nam a2200109Ia 4500
008 200302s9999 xx 000 0 und d
100 _aKarubaki Datta
245 _aMan and Forest in the Himalayas and Northeast India
260 _bB. R. Publishing Corporation
260 _c2017
300 _a266
999 _c6040
_d6040